Languages by Cake Quiz Stats

 Plays Quiz Updated Sep 23, 2018

Score 0/18 Timer 07:00
3 Plays Today
% Correct
German
93.6%
French
92.7%
Spanish
92.5%
Chinese
91.5%
English
90.1%
Japanese
89.6%
Greek
87.8%
Arabic
86.2%
Dutch
82.7%
% Correct
Korean
82.5%
Italian
73.2%
Portuguese
69.5%
Russian
64.1%
Hungarian
58.3%
Persian
49.9%
Finnish
49%
Turkish
35.6%
Bengali
21.1%

You're not logged in!

Compare scores with friends on all Sporcle quizzes.
OR
Log In

Sporcle TV

Today on Sporcle TV


Watch our educational content, quiz creation guides, and fun videos on Sporcle TV.

Show Comments

Extras

Top Quizzes Today


Score Distribution

Your Account Isn't Verified!

In order to create a playlist on Sporcle, you need to verify the email address you used during registration. Go to your Sporcle Settings to finish the process.

Report this User

Report this user for behavior that violates our Community Guidelines.

Details: